Statistics for U.S. States Quiz

Click here to take the quiz!

General Stats

  • This quiz has been taken 13 times
  • The average score is 45 of 50

Answer Stats

Answer% Correct
Nevada
100%
New Hampshire
100%
New Jersey
100%
New Mexico
100%
New York
100%
North Carolina
100%
North Dakota
100%
Oklahoma
100%
Oregon
100%
Pennsylvania
100%
Rhode Island
100%
South Carolina
100%
South Dakota
100%
Texas
100%
Alabama
89%
Alaska
89%
Arizona
89%
Arkansas
89%
California
89%
Colorado
89%
Connecticut
89%
Delaware
89%
Florida
89%
Georgia
89%
Hawaii
89%
Idaho
89%
Illinois
89%
Indiana
89%
Iowa
89%
Kentucky
89%
Louisiana
89%
Maine
89%
Maryland
89%
Massachusetts
89%
Michigan
89%
Minnesota
89%
Mississippi
89%
Missouri
89%
Nebraska
89%
Ohio
89%
Utah
89%
Vermont
89%
Virginia
89%
Washington
89%
West Virginia
89%
Wyoming
89%
Kansas
78%
Montana
78%
Wisconsin
78%
Tenessee
56%

Score Distribution

Percentile by Number Answered

Percent of People with Each Score

Your Score History

You have not taken this quiz